000 00554cam a22002171 4500
001 ne 63002539
003 DLC
005 20260227111753.0
008 890613s1962 xx abf 000 0 ara
010 _ane 63002539
035 _a(OCoLC)23516041
040 _aDLC
_cMiU
_dDLC
042 _apremarc
050 0 0 _aTC558.E5
_bA83
100 1 _aAmīn, Muḥammad Ḥusnī.
245 1 3 _aal-Sadd al-ʻālī.
260 _c[1962.]
300 _a115 p.
_billus., plates, map, diagrs.
_c24 cm.
500 _aRomanized.
651 0 _aAswan High Dam (Egypt)
999 _c46491
_d46491